Statistiche per Elenca la formazione - Quiz n°52

Clicka qui per fare il quiz!

Statistiche generali

  • Questo quiz è stato fatto 21 volte
  • Il punteggio medio è 8 su 11

Statistiche sulle risposte

RuoloNazioneCalciatore% Corretto
AttaccanteFranciaAntoine Griezmann
100%
AttaccanteBrasile / SpagnaDiego Costa
90%
DifensoreUruguayDiego Godín
90%
PortiereSloveniaJan Oblak
90%
CentrocampistaSpagnaKoke
85%
DifensoreMontenegroStefan Savić
85%
CentrocampistaSpagnaSaúl Ñíguez
75%
DifensoreSpagnaJuanfran
65%
CentrocampistaFranciaThomas Lemar
60%
DifensoreFranciaLucas Hernández
55%
CentrocampistaSpagnaRodri
15%

Distribuzione punteggi

Percentile per numero di risposta

Percentuale di utenti per punteggio

I tuoi punteggi nel tempo

Non hai fatto questo quiz